000 00496nam a22001697a 4500
005 20251108171956.0
008 250721s1988 xx 000 0 ara d
082 1 4 _a616.8522/أرق
245 1 0 _aالأرق و النوم :
_bالنوم و الأحلام /
264 1 _aبيروت :
_bالشركة الشرقية للمطبوعات،
_c1988.
300 _a96ص
490 0 _aسلسلة أسرتي
650 1 7 _aالنوم
650 1 7 _aالأحلام
942 _2ddc
_cBK
999 _c67342
_d67342